Manuel du bibliophile, ou Traité du choix des livres (Record no. 161615)

MARC details
000 -LEADER
campo de control de longitud fija 00938nam a2200217 i 4500
001 - NÚMERO DE CONTROL
campo de control 161615
003 - IDENTIFICADOR DE NÚMERO DE CONTROL
campo de control ES-MaACL
005 - FECHA Y HORA DE LA ÚLTIMA TRANSACCIÓN
campo de control 20251009063058.0
008 - DATOS DE LONGITUD FIJA--INFORMACIÓN GENERAL
campo de control de longitud fija 910305s1823 fr b |||| | fre d
040 ## - FUENTE DE CATALOGACIÓN
Centro catalogador/agencia de origen CAT
Lengua de catalogación spa
Centro/agencia transcriptor CAT
Centro/agencia modificador CCPB
080 ## - NÚMERO DE LA CLASIFICACIÓN DECIMAL UNIVERSAL
Número de la Clasificación Decimal Universal 090
100 1# - ENTRADA PRINCIPAL--NOMBRE DE PERSONA
Nombre de persona Peignot, Gabriel,
Fechas asociadas al nombre 1767-1849
9 (RLIN) 130935
245 10 - MENCIÓN DEL TÍTULO
Título Manuel du bibliophile, ou Traité du choix des livres
Resto del título : contenant des développemens sur la nature des ouvrages les plus propres à former une collection précieuse, et particulièrement sur les chefs-d'uvre de la littérature sacrée, grecque, latine, française, étrangère ... /
Mención de responsabilidad, etc. par Gabriel Peignot.
260 ## - PUBLICACIÓN, DISTRIBUCIÓN, ETC.
Lugar de publicación, distribución, etc. Dijon :
Nombre del editor, distribuidor, etc. Victor Lagier,
Fecha de publicación, distribución, etc. 1823.
300 ## - DESCRIPCIÓN FÍSICA
Extensión 2 v. (LX, 413; 492 p.) ;
Dimensiones 21 cm.
500 ## - NOTA GENERAL
Nota general Índice en el v. 2.
650 #7 - PUNTO DE ACCESO ADICIONAL DE MATERIA--TÉRMINO DE MATERIA
Término de materia o nombre geográfico como elemento de entrada Bibliofilia
Fuente del encabezamiento o término embne
9 (RLIN) 10514
650 #4 - PUNTO DE ACCESO ADICIONAL DE MATERIA--TÉRMINO DE MATERIA
Término de materia o nombre geográfico como elemento de entrada Libros raros-
Subdivisión de forma Bibliografías.
9 (RLIN) 136416
852 ## - LOCALIZACIÓN
Ubicación ES-MaACL
Número de control de estantería B-3960-61
Nota libre -- Enc. hol.
Holdings
Estatus retirado Estado de pérdida Estado de daño No para préstamo Colección Biblioteca de origen Biblioteca actual Ubicación en estantería Fecha de adquisición Total de préstamos Signatura topográfica completa Código de barras Visto por última vez Precio de reemplazo Tipo de ítem Koha
        Libros del s. XIX Biblioteca del Ateneo de Madrid Biblioteca del Ateneo de Madrid Sala Pardo Bazán 17/01/2008   B-3960-61 1169293 23/02/2023 23/02/2023 Libro impreso antiguo